Martico cup 2000 6.ročník medzinárodnej tanečnej súťaže disciplín IDO : majstrovstvá Európy

Bibliographic Details
Corporate Author: Martico cup Martin, Slovensko
Format: Conference Proceeding Photo
Language:Slovak
PhysicalDescription:1 plagát 59 x 42 cm
Published: Martin TD DEEP Martico 2000
Subjects:

MARC

LEADER 00000ckm a2200000 a 4500
001 vtls001402811
003 SK-MaSNL
005 20260426004556.0
007 kf ou
008 240409s2000 xo g 0k slo
015 |a SNBG2001/01-00189 
035 |a SNK000357356 
035 |a urn:nbn:sk:snk-km002p3e 
035 |a F37E98CA-8787-4D2A-9EEF-EE325B89AF58 
035 |a urn:nbn:sk:snk-kmtg0q 
040 |a SNK  |b slo  |c SNK  |e AACR2 
041 0 |a slo 
044 |a xo  |c SK 
080 |a 793.32.34.093.1(084.5)  |2 1981 
111 2 |a Martico cup  |n (6. :  |d 2000 :  |c Martin, Slovensko)  |9 636819 
245 1 0 |a Martico cup 2000  |h grafika  |b 6.ročník medzinárodnej tanečnej súťaže disciplín IDO : majstrovstvá Európy 
260 |a Martin  |b TD DEEP Martico  |c 2000 
300 |a 1 plagát  |c 59 x 42 cm 
611 2 7 |a Martico cup  |n (6. :  |d 2000 :  |c Martin, Slovensko)  |2 SNKPH  |9 636819 
648 7 |a 2000  |2 SNKPH  |9 295137 
650 0 7 |a moderné tance  |2 SNK  |9 51518 
650 0 7 |a tanečné súťaže  |2 SNK  |9 74115 
651 7 |a Martin (Slovensko)  |2 SNKPH  |9 16875 
655 7 |a plagáty spoločenských akcií  |2 SNKPH  |9 70743 
852 |a Slovenská národná knižnica 
958 |a CP 
958 |a GBN 
958 |a OND 
999 |c 982952  |d 984882 
952 |t P60, <03>, [BOOK], {603}  |a SNK  |b SNK  |y PREZ  |7 0  |p 17A0402818  |o snkLPA 43387  |i snkPL 40/2000  |0 0  |1 0  |4 0  |d 2000-12-12  |f 1  |l 0  |r 2005-01-02 00:00:00  |w 2026-02-24 
952 |t P60, <04>, [BOOK], {604}  |a SNK  |b SNK  |y VYP  |7 0  |o snkLPA 43387 D1  |i snkPL 41/2000  |0 0  |1 0  |4 0  |d 2000-12-12  |l 0  |r 2005-01-02 00:00:00  |w 2026-02-24